Kraje o najwyższym wskaźniku przestępczości na świecie - Statystyki

Ogólne statystyki
  • Ten quiz został rozwiązany 106 razy
  • Średni wynik to 4 z 10
Statystyki odpowiedzi
Kraj Wskaźnik przestepstw % Poprawnych
Wenezuela 82.1
67%
RPA 75.5
61%
Afganistan 78.4
53%
Syria 69.1
49%
Peru 67.5
43%
Haiti 78.3
36%
Honduras 74.3
36%
Gujana 68.8
23%
Papua-Nowa Gwinea 80.4
10%
Trynidad i Tobago 70.8
10%
Nie znaleziono quizów pasujących do podanych kryteriów
Rozkład punktacji
Procent ludzi z każdym wynikiem
Percentyl według liczby udzielonych odpowiedzi
Twoja historia wyników
Nie rozwiązałeś tego quizu